<?xml version="1.0" encoding="UTF-8"?>
<record
    xmlns:xsi="http://www.w3.org/2001/XMLSchema-instance"
    xsi:schemaLocation="http://www.loc.gov/MARC21/slim http://www.loc.gov/standards/marcxml/schema/MARC21slim.xsd"
    xmlns="http://www.loc.gov/MARC21/slim">

  <leader>01408cam a22003734  4500</leader>
  <controlfield tag="001">198464</controlfield>
  <controlfield tag="003">SpMaBN</controlfield>
  <controlfield tag="005">20260617221606.0</controlfield>
  <controlfield tag="008">260617s2002    sp |          ||| ||spa  </controlfield>
  <datafield tag="016" ind1="7" ind2=" ">
    <subfield code="a">bimoBNE20020805474</subfield>
    <subfield code="2">SpMaBN</subfield>
  </datafield>
  <datafield tag="017" ind1=" " ind2=" ">
    <subfield code="a">B 25538-2002</subfield>
    <subfield code="b">Oficina Dep&#xF3;sito Legal Barcelona</subfield>
  </datafield>
  <datafield tag="020" ind1=" " ind2=" ">
    <subfield code="a">8422695383</subfield>
  </datafield>
  <datafield tag="035" ind1=" " ind2=" ">
    <subfield code="a">(OCoLC)433407636</subfield>
  </datafield>
  <datafield tag="035" ind1=" " ind2=" ">
    <subfield code="a">(SpMaBN)bimo0001822213</subfield>
  </datafield>
  <datafield tag="040" ind1=" " ind2=" ">
    <subfield code="a">SpMaBN</subfield>
    <subfield code="b">spa</subfield>
    <subfield code="c">SpMaBN</subfield>
    <subfield code="e">rdc</subfield>
  </datafield>
  <datafield tag="080" ind1=" " ind2=" ">
    <subfield code="a">821.134.2-31"19"</subfield>
  </datafield>
  <datafield tag="100" ind1="1" ind2=" ">
    <subfield code="a">Saint-Aymour, Joaqu&#xED;n de</subfield>
    <subfield code="d">1968-</subfield>
    <subfield code="9">243227</subfield>
  </datafield>
  <datafield tag="245" ind1="1" ind2="0">
    <subfield code="a">Apocalipsis</subfield>
    <subfield code="c">Joaqu&#xED;n de Saint-Aymour</subfield>
  </datafield>
  <datafield tag="260" ind1=" " ind2=" ">
    <subfield code="a">Barcelona</subfield>
    <subfield code="b">C&#xED;rculo de Lectores</subfield>
    <subfield code="c">[2002]</subfield>
  </datafield>
  <datafield tag="300" ind1=" " ind2=" ">
    <subfield code="a">477 p.</subfield>
    <subfield code="c">22 cm</subfield>
  </datafield>
  <datafield tag="336" ind1=" " ind2=" ">
    <subfield code="2">rdacontent</subfield>
    <subfield code="a">texto</subfield>
  </datafield>
  <datafield tag="337" ind1=" " ind2=" ">
    <subfield code="2">rdamedia</subfield>
    <subfield code="a">sin mediaci&#xF3;n</subfield>
  </datafield>
  <datafield tag="338" ind1=" " ind2=" ">
    <subfield code="2">rdacarrier</subfield>
    <subfield code="a">volumen</subfield>
  </datafield>
  <datafield tag="500" ind1=" " ind2=" ">
    <subfield code="a">Registro provisional-DJ-33. Dep&#xF3;sito J</subfield>
  </datafield>
  <datafield tag="852" ind1=" " ind2=" ">
    <subfield code="a">ES-MaACL</subfield>
    <subfield code="c">DEPOJ</subfield>
    <subfield code="j">DJ-33</subfield>
    <subfield code="h">Donaci&#xF3;n: Jos&#xE9; L&#xE1;zaro Garc&#xED;a</subfield>
    <subfield code="x">Encuadernaci&#xF3;n carton&#xE9;</subfield>
    <subfield code="z">En proceso</subfield>
  </datafield>
  <datafield tag="942" ind1=" " ind2=" ">
    <subfield code="2">udc</subfield>
    <subfield code="c">MONOGRAFIA</subfield>
    <subfield code="n">0</subfield>
  </datafield>
  <datafield tag="956" ind1=" " ind2=" ">
    <subfield code="a">2</subfield>
  </datafield>
  <datafield tag="980" ind1=" " ind2=" ">
    <subfield code="a">B 25538-2002</subfield>
    <subfield code="a">84-226-9538-3</subfield>
    <subfield code="a">SpMaBN</subfield>
    <subfield code="b">BNALCALA</subfield>
    <subfield code="j">12/150592</subfield>
    <subfield code="c">SG_PETANTI</subfield>
  </datafield>
  <datafield tag="980" ind1=" " ind2=" ">
    <subfield code="a">B 25538-2002</subfield>
    <subfield code="a">84-226-9538-3</subfield>
    <subfield code="a">SpMaBN</subfield>
    <subfield code="b">BNALCALA</subfield>
    <subfield code="j">AHM/690133</subfield>
    <subfield code="c">SG_PETANTI</subfield>
  </datafield>
  <datafield tag="980" ind1=" " ind2=" ">
    <subfield code="a">B 25538-2002</subfield>
    <subfield code="a">84-226-9538-3</subfield>
    <subfield code="a">SpMaBN</subfield>
    <subfield code="b">BNALCALA</subfield>
    <subfield code="j">DL/1170607</subfield>
    <subfield code="c">CONSERVACI</subfield>
  </datafield>
  <datafield tag="999" ind1=" " ind2=" ">
    <subfield code="c">198464</subfield>
    <subfield code="d">198464</subfield>
  </datafield>
</record>
